000 00436nam a2200157 i 4500
001 70110
003 ES-MaACL
005 20230906170724.0
007 t|
008 040719s1904 sp ||||1| spa d
100 1 _aGarcía-Nieto, Joan N.
_955028
245 1 0 _aApuntes sobre el problema religioso /
_cJuan García-Nieto.
260 _aMadrid :
_bRevista de Archivos,
_c1904.
300 _a308 p. ;
_c13 cm.
852 _aES-MaACL
_jF-8769
999 _c70110
_d70110